LEADER 01014nam0-22002651i-450 001 990005771330403321 005 20180704132311.0 035 $a000577133 100 $a19990604d1931----km-y0itay50------ba 101 0 $aita 105 $ay-------001yy 200 1 $aAtti e memorie della Accademia di agricoltura, scienze e lettere di Verona$eserie V-Volume VIII (CVIII. dell'intera collezione) 210 $aVerona$cLa Tipografica Veronese$d1931 215 $aXVI, 282 p.$d25 cm 300 $aContiene: La pieve rurale: ricerche sulla storia della Costituzione della Chiesa in Italia e particolarmente nel veronese / Giuseppe Forchielli 676 $a055 676 $a060 710 02$aAccademia di agricoltura scienze e lettere di Verona$063895 801 0$aIT$bUNINA$gRICA$2UNIMARC 901 $aBK 912 $a990005771330403321 952 $a060 ATTI 1$bIST.GLOTT. S.I.$fFLFBC 959 $aFLFBC 996 $aAtti e memorie della Accademia di agricoltura, scienze e lettere di Verona$91506803 997 $aUNINA LEADER 01463nam 2200445 450 001 9910317659403321 005 20210210025014.0 035 $a(CKB)4100000004754652 035 $a(MiAaPQ)EBC5425728 035 $a(WaSeSS)IndRDA00120461 035 $a(MiAaPQ)EBC6424144 035 $a(Au-PeEL)EBL6424144 035 $a(OCoLC)1228036403 035 $a(OCoLC)1105452359 035 $a(FlNmELB)ELB78790 035 $a(EXLCZ)994100000004754652 100 $a20200604d2018 uy 0 101 0 $aspa 135 $aurcnu|||||||| 181 $2rdacontent 182 $2rdamedia 183 $2rdacarrier 200 00$aAntologi?a del pensamiento cri?tico panamen?o contempora?neo /$fcoordinadores, Marco A. Ganda?segui [and twenty-three others] 210 1$aBuenos Aires, Argentina :$cCLACSO,$d2018. 215 $a1 online resource (480 pa?ginas) 225 1 $aAntologi?as del Pensamiento Social Latinoamericano y Cariben?o 311 $a987-722-314-7 410 0$aAntologi?as del pensamiento social latinoamericano y cariben?o. 606 $aNationalism$zPanama 607 $aPanama$xSocial conditions 608 $aElectronic books. 615 0$aNationalism 676 $a320.54 702 $aGanda?segui$b Marco A.$chijo, 801 0$bWaSeSS 801 1$bWaSeSS 906 $aBOOK 912 $a9910317659403321 996 $aAntologi?a del pensamiento cri?tico panamen?o contempora?neo$91893609 997 $aUNINA LEADER 01325nam 22004574a 450 001 9910795703803321 005 20240102112643.0 010 $a1-383-04438-4 010 $a0-19-153849-3 010 $a9786610870332 010 $a1-282-36586-X 010 $a1-4356-0725-2 010 $a9786612365867 035 $a(CKB)24235067100041 035 $a(Au-PeEL)EBL430664 035 $a(CaPaEBR)ebr10194199 035 $a(CaONFJC)MIL236586 035 $a(OCoLC)609830443 035 $a(PPN)159206642 035 $a(MiAaPQ)EBC430664 035 $a(EXLCZ)9924235067100041 100 $a20060509d2006 uy 0 101 0 $aeng 135 $aur||||||||||| 200 10$aMolecular theory of solutions$b[electronic resource] /$fArieh Ben-Naim 210 $aOxford ; New York $cOxford University Press$d2006 215 $axvi, 380 p. $cill 320 $aIncludes bibliographical references (p. [372]-377) and index. 606 $aSolution (Chemistry) 606 $aMolecular theory 615 0$aSolution (Chemistry) 615 0$aMolecular theory. 676 $a541/.34 700 $aBen-Naim$b Arieh$f1934-$0471923 801 0$bMiAaPQ 801 1$bMiAaPQ 801 2$bMiAaPQ 906 $aBOOK 912 $a9910795703803321 996 $aMolecular theory of solutions$93773653 997 $aUNINA LEADER 01641nam 22004933 450 001 9911028743803321 005 20260302133259.0 010 $a3-032-01658-4 035 $a(MiAaPQ)EBC32320929 035 $a(Au-PeEL)EBL32320929 035 $a(CKB)41018949900041 035 $a(OCoLC)1544991896 035 $a(EXLCZ)9941018949900041 100 $a20250930d2025 uy 0 101 0 $aeng 135 $aurcnu|||||||| 181 $ctxt$2rdacontent 182 $cc$2rdamedia 183 $acr$2rdacarrier 200 10$aQuintic Equations and How to Solve Them 205 $a1st ed. 210 1$aCham :$cSpringer Basel AG,$d2025. 210 4$d©2025. 215 $a1 online resource (344 pages) 225 1 $aMathematics and Statistics Series 311 08$a3-032-01657-6 330 $aThis monograph explores the well-known problem of the solvability of polynomial equations.  While equations up to the fourth degree are solvable, there are, as demonstrated by Niels Henrik Abel, no general algebraic formulas leading to the solution of equations of fifth or higher degree. 410 0$aMathematics and Statistics Series 606 $aPolinomis$2thub 606 $aCossos algebraics$2thub 606 $aÀlgebra lineal$2thub 608 $aLlibres electrònics$2thub 615 7$aPolinomis 615 7$aCossos algebraics 615 7$aÀlgebra lineal 676 $a512.9422 700 $aLinton$b C. M$0285462 801 0$bMiAaPQ 801 1$bMiAaPQ 801 2$bMiAaPQ 906 $aBOOK 912 $a9911028743803321 996 $aQuintic Equations and How to Solve Them$94439490 997 $aUNINA